Union Jack in Flags - Statistics

General Stats
  • This quiz has been taken 3,494 times
  • The average score is 4 of 5
Answer Stats
Country % Correct
Australia
94%
New Zealand
94%
United Kingdom
93%
Fiji
87%
Tuvalu
71%
No matching quizzes found
Score Distribution
Percent of People with Each Score
Percentile by Number Answered
Your Score History
You have not taken this quiz